Cơ sở địa chất công trình và địa chất thủy văn công trình

Khái niệm về khoáng vật và đất đá. Nước dưới đất. Các hiện tượng và quá trình động lực địa chất. Khảo sát đánh giá điều kiện địa chất công trình và địa chất thuỷ văn công trình

Na minha lista:
Detalhes bibliográficos
Autor principal: Nguyễn, Hồng Đức
Formato: Livro
Idioma:Undetermined
Publicado em: Hà Nội Xây dựng 2000
Assuntos:
Tags: Adicionar Tag
Sem tags, seja o primeiro a adicionar uma tag!
Thư viện lưu trữ: Trung tâm Học liệu Trường Đại học Cần Thơ
LEADER 00905nam a2200205Ia 4500
001 CTU_62427
008 210402s9999 xx 000 0 und d
020 |c 30000 
082 |a 624.151 
082 |b Đ552 
100 |a Nguyễn, Hồng Đức 
245 0 |a Cơ sở địa chất công trình và địa chất thủy văn công trình 
245 0 |c Nguyễn Hồng Đức 
260 |a Hà Nội 
260 |b Xây dựng 
260 |c 2000 
520 |a Khái niệm về khoáng vật và đất đá. Nước dưới đất. Các hiện tượng và quá trình động lực địa chất. Khảo sát đánh giá điều kiện địa chất công trình và địa chất thuỷ văn công trình 
650 |a Engineering geology 
904 |i Minh 
980 |a Trung tâm Học liệu Trường Đại học Cần Thơ